Spell the Marvel Character #231 - Statistics

General Stats
  • This quiz has been taken 13 times
  • The average score is 8 of 11
Answer Stats
Picture Answer % Correct
Red Hulk
100%
Black Bolt
92%
Emma Frost
83%
American Dream
75%
Bluestreak
75%
Karnak
75%
Luna Snow
75%
Thunderstrike
75%
Shanna
67%
Uranian
67%
Earth Sentry
17%
No matching quizzes found
Score Distribution
Percent of People with Each Score
Percentile by Number Answered
Your Score History
You have not taken this quiz